000 00531nam a2200181 a 4500
001 BRCA_1006
005 20190320203235.0
008 100905s1988----us-a---###---#000-0#eng-#
020 _a0866360581
050 4 _aT396.5
_b.K66 1988
100 1 _aKonikow, Robert B.
_93314
245 1 0 _aExhibit design 3
_cby Robert B. Konikow.
260 _aGlen Cove, Nueva York
_bPBC International
_c1988
300 _a253 p.
_bil. a color
_c31 cm.
500 _aIncluye índice alfabético
650 1 4 _aDiseño
_vExposiciones
_93315
942 _2lcc
_cB
999 _c887
_d887